000 003600000a22000970004500
100 1 _aSaracoff, Greg
245 1 0 _aBaptism in the barrio : Drinking binges and jacuzzi baptism -All part of the drama of drug rehab program in Tijuana, Mexico
300 _aVol. 74, Num. 3 (Julio-Septiembre, 1994), Páginas 18-20
773 0 _tLatin America Evangelist
942 _cANA
999 _c54858
_d54858